[Event "17th Aeroflot Open-A 2019"]
[Site "Moscow"]
[Date "2019.02.27"]
[Round "9.25"]
[White "Zvjaginsev, Vadim"]
[Black "Santos Ruiz, Miguel"]
[Result "1-0"]
[WhiteElo "2642"]
[BlackElo "2554"]
[Annotator "ChessBase"]
[PlyCount "119"]
[EventDate "2019.02.19"]
[EventCountry "RUS"]
[SourceTitle "playchess.com"]
[Source "ChessBase"]
[SourceQuality "1"]
[TimeControl "40/5400+30:1800+30"]

1. Nf3 {[%emt 0:00:34]} d5 {[%emt 0:00:00]} 2. g3 {[%emt 0:00:06]} g6 {[%emt 0:00:00]} 3. Bg2 {[%emt 0:00:06]} Bg7 {[%emt 0:00:00]} 4. O-O {[%emt 0:00:06]} e5 {[%emt 0:00:00]} 5. d3 {[%emt 0:00:06]} Ne7 {[%emt 0:00:00]} 6. c4 {[%emt 0:01:55]} c6 {[%emt 0:01:11]} 7. Nc3 {[%emt 0:03:11]} O-O {[%emt 0:15:11]} 8. Rb1 {[%emt 0:04:09]} h6 {[%emt 0:04:16]} 9. e4 {[%emt 0:05:49]} d4 {[%emt 0:10:38]} 10. Ne2 {[%emt 0:02:52]} a5 {[%emt 0:06:48]} 11. Nh4 {[%emt 0:12:36]} g5 {[%emt 0:04:45]} 12. Nf3 {[%emt 0:02:18]} f5 {[%emt 0:02:16]} 13. exf5 {[%emt 0:06:06]} Bxf5 {[%emt 0:00:13]} 14. h4 {[%emt 0:02:48]} e4 {[%emt 0:14:12]} 15. Ne1 {[%emt 0:01:30]} exd3 {[%emt 0:00:17]} 16. Nxd3 {[%emt 0:00:07]} Ng6 {[%emt 0:03:52]} 17. hxg5 {[%emt 0:04:52]} hxg5 {[%emt 0:00:05]} 18. b4 {[%emt 0:00:18]} Ne5 {[%emt 0:02:44]} 19. Nxe5 {[%emt 0:04:46]} Bxb1 {[%emt 0:00:12]} 20. Nd3 {[%emt 0:02:29]} axb4 {[%emt 0:02:11]} 21. Bxg5 {[%emt 0:01:18]} Qxg5 {[%emt 0:02:08]} 22. Qxb1 {[%emt 0:00:05]} Qd2 {[%emt 0:04:06]} 23. Nef4 {[%emt 0:01:46]} Rxa2 {[%emt 0:03:14]} 24. Bh3 {[%emt 0:02:29]} Rxf4 {[%emt 0:05:26]} 25. Nxf4 {[%emt 0:06:53]} d3 {[%emt 0:00:53]} 26. Nxd3 {[%emt 0:06:27]} Ra1 {[%emt 0:10:04]} 27. Qxb4 {[%emt 0:00:23]} Rxf1+ {[%emt 0:04:43]} 28. Bxf1 {[%emt 0:00:08]} Qxb4 {[%emt 0:00:01]} 29. Nxb4 {[%emt 0:00:09]} Nd7 {[%emt 0:00:09]} 30. Kg2 {[%emt 0:02:20]} Nc5 {[%emt 0:00:05]} 31. f4 {[%emt 0:00:15]} Bc3 {[%emt 0:00:13]} 32. Nc2 {[%emt 0:00:18]} Ne6 {[%emt 0:00:24]} 33. Ne3 {[%emt 0:04:09]} Nd4 {[%emt 0:00:12]} 34. Kf2 {[%emt 0:03:36]} b5 {[%emt 0:01:30]} 35. Bd3 {[%emt 0:05:54]} b4 {[%emt 0:01:16]} 36. Nf5 {[%emt 0:00:18]} Ne6 {[%emt 0:01:13]} 37. Ne7+ {[%emt 0:00:19]} Kf7 {[%emt 0:00:33]} 38. Nxc6 {[%emt 0:00:22]} Nc5 {[%emt 0:00:10]} 39. Bb1 {[%emt 0:05:59]} b3 {[%emt 0:00:25]} 40. Ke2 {[%emt 0:00:00]} Na4 {[%emt 0:00:00]} 41. Na7 {[%emt 0:03:05]} Bb4 {[%emt 0:09:48]} 42. Nb5 {[%emt 0:00:15]} Nb6 {[%emt 0:00:02]} 43. Kd3 {[%emt 0:03:23]} Be1 {[%emt 0:00:11]} 44. Nd6+ {[%emt 0:01:50]} Ke6 {[%emt 0:00:08]} 45. Ne4 {[%emt 0:00:20]} Kf5 {[%emt 0:00:19]} 46. c5 {[%emt 0:01:58]} Nd5 {[%emt 0:05:07]} 47. Kc4 {[%emt 0:00:36]} Ne3+ {[%emt 0:01:26]} 48. Kxb3 {[%emt 0:00:10]} Ke6 {[%emt 0:00:07]} 49. c6 {[%emt 0:03:55]} Ke7 {[%emt 0:06:00]} 50. Ka4 {[%emt 0:03:26]} Kd8 {[%emt 0:00:01]} 51. Kb5 {[%emt 0:00:32]} Kc7 {[%emt 0:00:07]} 52. Kc5 {[%emt 0:01:13]} Nf5 {[%emt 0:00:02]} 53. g4 {[%emt 0:02:24]} Ne7 {[%emt 0:00:01]} 54. f5 {[%emt 0:02:01]} Nxc6 {[%emt 0:00:31]} 55. Kd5 {[%emt 0:00:09]} Nd8 {[%emt 0:01:38]} 56. g5 {[%emt 0:00:40]} Kd7 {[%emt 0:00:16]} 57. g6 {[%emt 0:00:37]} Ke8 {[%emt 0:00:41]} 58. f6 {[%emt 0:00:14]} Bh4 {[%emt 0:00:11]} 59. Ba2 {[%emt 0:00:48]} Kf8 {[%emt 0:00:36]} 60. g7+ {[%emt 0:00:47]} 1-0

[Event "17th Aeroflot Open-A 2019"]
[Site "Moscow"]
[Date "2019.02.27"]
[Round "9.26"]
[White "Donchenko, Alexander"]
[Black "Iturrizaga Bonelli, Eduardo"]
[Result "0-1"]
[WhiteElo "2600"]
[BlackElo "2640"]
[Annotator "TA"]
[PlyCount "116"]
[EventDate "2019.02.19"]
[EventCountry "RUS"]
[SourceTitle "playchess.com"]
[Source "ChessBase"]
[SourceQuality "1"]

{[%evp 9,116,47,59,44,64,76,85,69,73,72,85,50,46,50,54,44,43,48,35,37,31,14,25,24,12,14,25,0,0,-33,-17,-56,-64,-68,-67,-70,0,-74,-89,-123,-57,-90,-111,-107,-112,-156,-76,-86,-71,-81,-80,-65,-60,-52,-60,-137,-132,-197,-183,-234,-130,-117,-100,-122,-114,-150,-90,-145,-154,-133,-74,-73,-80,-278,-314,-369,-305,-612,-605,-929,-816,-655,-592,-1541,-1616,-1699,-1699,-1597,-481,-1623,-1169,-1279,-1435,-1618,-1557,-29963,-29962,-29944,-11993,-29962,-29955,-29946,-29943,-12820,-5795,-6103,-4610,-29992,-29988]} 1. c4 g6 2. d4 Bg7 3. Nc3 e6 4. Nf3 Ne7 5. h4 (5. Bf4 O-O 6. Qd2 d5 7. e3 a6 8. Rc1 dxc4 9. Bxc4 Nbc6 10. h4 h6 11. a3 b6 12. b4 {1-0 (37) Wang,H (2711)-Maghsoodloo,P (2636) Abu Dhabi 2018}) 5... h6 6. Bf4 {A40: Unusual replies to 1 d4} d6 7. Qd2 Nd7 8. O-O-O {White is better.} b6 9. e4 Bb7 10. d5 e5 11. Be3 f5 $146 ({Predecessor:} 11... Nf6 12. Nh2 {1-0 (48) Gashgarian,R (1921)-Knechtel,T (1798) Kitchener 2008}) 12. g3 Nf6 13. Qc2 O-O 14. Nd2 c6 15. f3 cxd5 16. cxd5 a6 17. Kb1 b5 18. Bh3 Bc8 $1 19. Qd3 Bd7 (19... b4 $5 20. Ne2 $8 a5 $11) 20. g4 fxg4 21. fxg4 Nxg4 22. Rdg1 h5 (22... Nxe3 $15 23. Qxe3 Bxh3 24. Qxh3 Kh7) 23. Nd1 (23. Bxg4 $11 {keeps the balance.} Bxg4 24. Nd1) 23... Nxe3 $17 24. Qxe3 Kh7 ({Black should play} 24... Bxh3 $17 25. Rxh3 Rc8) 25. Nf3 Bh6 26. Ng5+ Bxg5 $1 27. Qxg5 Rf4 (27... Bxh3 $142 $1 28. Rxh3 Rf4) 28. Rf1 Bxh3 29. Rxf4 exf4 30. Rxh3 Ng8 $1 {aiming for ...Qxg5.} 31. Qxf4 Qf6 32. Qxf6 (32. Rf3 $15 Rf8 33. Qxf6 Nxf6 34. Nf2) 32... Nxf6 $15 {[%mdl 4096] Endgame KRN-KRN} 33. Nf2 (33. Kc2 $17 {was called for.}) 33... Re8 $19 34. Re3 (34. Kc2 $142) 34... Kh6 ({Better is} 34... Ng4 $1 $19 {[%cal Rg4e3]} 35. Nxg4 hxg4) 35. Kc2 $17 {[#]} Nxd5 $1 {[%mdl 512]} 36. Rf3 (36. exd5 Rxe3) 36... Nb4+ 37. Kd2 Nc6 (37... Rc8 $142 {Strongly threatening ...Rc2+.} 38. a3 Rc2+ 39. Kd1 Nc6) 38. Rf7 {[#]} (38. Rf6 $142) 38... Ne5 $1 {[%cal Re5f7]} 39. Ra7 Ng4 (39... Rf8 $142 40. Ke2 Rc8) 40. Nh3 {[#]} Nf6 $1 ({Wrong is} 40... Rxe4 $2 41. Ng5 $18) 41. Rxa6 $2 (41. Kd3 $17 Nxe4 42. b4) 41... Rxe4 $19 ({Don't do} 41... Nxe4+ 42. Kd1 $17) 42. Rxd6 Rxh4 {...Ne4+ is the strong threat.} 43. Rxf6 $2 (43. Rd3) 43... Rxh3 $17 {KR-KR} 44. Rb6 Rf3 45. Rxb5 h4 46. Ke2 Rf8 47. Rb3 g5 48. Rf3 Rb8 49. b3 (49. Rb3 $142 Rf8 50. Rf3) 49... Kh5 50. Kf2 Rd8 51. Re3 Kg4 52. b4 h3 53. Re4+ Kf5 54. Rc4 g4 55. Rc5+ Kf4 56. Rc4+ Kg5 57. Rc7 Rd2+ {[%mdl 64] Double Attack} 58. Kg1 Kh4 {Accuracy: White = 36%, Black = 70%.} 0-1

[Event "17th Aeroflot Open-A 2019"]
[Site "Moscow"]
[Date "2019.02.27"]
[Round "9.27"]
[White "Afanasiev, Nikita"]
[Black "Alekseenko, Kirill"]
[Result "0-1"]
[WhiteElo "2508"]
[BlackElo "2634"]
[Annotator "ChessBase"]
[PlyCount "88"]
[EventDate "2019.02.19"]
[EventCountry "RUS"]
[SourceTitle "playchess.com"]
[Source "ChessBase"]
[SourceQuality "1"]
[TimeControl "40/5400+30:1800+30"]

1. d4 {[%emt 0:05:04]} Nf6 {[%emt 0:00:00]} 2. c4 {[%emt 0:00:09]} e6 {[%emt 0:00:34]} 3. Nf3 {[%emt 0:00:09]} b6 {[%emt 0:00:45]} 4. a3 {[%emt 0:00:17]} Bb7 {[%emt 0:00:25]} 5. Nc3 {[%emt 0:00:33]} d5 {[%emt 0:00:08]} 6. Bg5 {[%emt 0:01:20]} Be7 {[%emt 0:00:33]} 7. Qa4+ {[%emt 0:03:43]} Bc6 {[%emt 0:00:06]} 8. Qb3 {[%emt 0:01:55]} dxc4 {[%emt 0:01:04]} 9. Qxc4 {[%emt 0:00:06]} a6 {[%emt 0:01:00]} 10. e3 {[%emt 0:16:36]} Bb7 {[%emt 0:06:06]} 11. Be2 {[%emt 0:06:47]} Nbd7 {[%emt 0:01:12]} 12. b4 {[%emt 0:04:16]} Rc8 {[%emt 0:03:41]} 13. O-O {[%emt 0:05:04]} c5 {[%emt 0:03:13]} 14. dxc5 {[%emt 0:08:05]} bxc5 {[%emt 0:00:24]} 15. b5 {[%emt 0:00:07]} axb5 {[%emt 0:01:59]} 16. Qxb5 {[%emt 0:01:52]} Bc6 {[%emt 0:01:45]} 17. Qc4 {[%emt 0:00:06]} O-O {[%emt 0:00:49]} 18. Rfc1 {[%emt 0:02:35]} h6 {[%emt 0:02:23]} 19. Bh4 {[%emt 0:01:02]} Ra8 {[%emt 0:08:02]} 20. Bg3 {[%emt 0:05:30]} Nb6 {[%emt 0:07:16]} 21. Qb3 {[%emt 0:02:35]} Nbd5 {[%emt 0:04:56]} 22. Ne5 {[%emt 0:01:20]} Nxc3 {[%emt 0:00:09]} 23. Qxc3 {[%emt 0:00:16]} Ne4 {[%emt 0:02:04]} 24. Qc2 {[%emt 0:01:27]} Bd5 {[%emt 0:00:34]} 25. Nc4 {[%emt 0:03:54]} Bf6 {[%emt 0:07:53]} 26. Rab1 {[%emt 0:01:28]} Nc3 {[%emt 0:04:24]} 27. Rb3 {[%emt 0:00:14]} Nxe2+ {[%emt 0:14:50]} 28. Qxe2 {[%emt 0:00:04]} Ra4 {[%emt 0:01:21]} 29. Rbb1 {[%emt 0:01:42]} Bxc4 {[%emt 0:04:35]} 30. Rxc4 {[%emt 0:00:04]} Qa5 {[%emt 0:00:27]} 31. Rcc1 {[%emt 0:15:55]} Rc8 {[%emt 0:00:56]} 32. Qb5 {[%emt 0:01:55]} Qxb5 {[%emt 0:05:56]} 33. Rxb5 {[%emt 0:00:16]} Be7 {[%emt 0:00:24]} 34. Rb7 {[%emt 0:01:46]} Bf8 {[%emt 0:00:09]} 35. Kf1 {[%emt 0:01:40]} Rxa3 {[%emt 0:00:47]} 36. Ke2 {[%emt 0:00:22]} f6 {[%emt 0:03:29]} 37. Bc7 {[%emt 0:02:23]} Ra2+ {[%emt 0:01:40]} 38. Kf3 {[%emt 0:00:06]} e5 {[%emt 0:00:36]} 39. Rd1 {[%emt 0:00:54]} e4+ {[%emt 0:01:21]} 40. Kg3 {[%emt 0:00:00]} c4 {[%emt 0:00:00]} 41. Rd7 {[%emt 0:25:55]} Ra6 {[%emt 0:20:59]} 42. Bd8 {[%emt 0:02:27]} Rd6 {[%emt 0:04:24]} 43. Be7 {[%emt 0:01:25]} Rxd7 {[%emt 0:00:18]} 44. Rxd7 {[%emt 0:00:04]} Bxe7 {[%emt 0:00:08]} 0-1

[Event "17th Aeroflot Open-A 2019"]
[Site "Moscow"]
[Date "2019.02.27"]
[Round "9.28"]
[White "Tsydypov, Zhamsaran"]
[Black "Goganov, Aleksey"]
[Result "1/2-1/2"]
[WhiteElo "2547"]
[BlackElo "2612"]
[Annotator "TA"]
[PlyCount "30"]
[EventDate "2019.02.19"]
[EventCountry "RUS"]
[SourceTitle "playchess.com"]
[Source "ChessBase"]
[SourceQuality "1"]

{[%evp 15,30,18,16,0,0,0,8,-14,16,9,17,8,25,20,40,30,41]} 1. e4 c5 2. c3 d5 3. exd5 Qxd5 4. d4 Nf6 5. Nf3 e6 6. Na3 a6 7. Nc4 Nbd7 8. a4 {B22: Sicilian: 2 c3} cxd4 {LiveBook: 9 Games} (8... b6 9. Be2 Bb7 10. O-O cxd4 11. Qxd4 Bc5 12. Qf4 O-O 13. Rd1 Qc6 14. Qh4 Rfd8 15. Bf4 Nf8 16. Rxd8 Rxd8 {0-1 (50) Savchenko,B (2602)-Ghaem Maghami,E (2540) Hamedan 2017}) 9. Nxd4 Bc5 10. Be3 {The position is equal.} O-O 11. a5 $146 ({Predecessor:} 11. Be2 Qxg2 12. Bf3 Qh3 13. Qe2 e5 14. Nb3 Bxe3 15. fxe3 Qh4+ {0-1 (23) Gnirk,H-Gromotka,H Germany 1986}) 11... Ne5 12. Nb3 {[#] Qxd5 is the strong threat.} Bxe3 13. Nxe3 Qxd1+ 14. Rxd1 Bd7 {Strongly threatening ...Ba4.} 15. Nc5 {And now f4 would win.} Bc6 1/2-1/2

[Event "17th Aeroflot Open-A 2019"]
[Site "Moscow"]
[Date "2019.02.27"]
[Round "9.29"]
[White "Jumabayev, Rinat"]
[Black "Praggnanandhaa R"]
[Result "1/2-1/2"]
[WhiteElo "2604"]
[BlackElo "2532"]
[Annotator "ChessBase"]
[PlyCount "87"]
[EventDate "2019.02.19"]
[EventCountry "RUS"]
[SourceTitle "playchess.com"]
[Source "ChessBase"]
[SourceQuality "1"]
[TimeControl "40/5400+30:1800+30"]

1. c4 {[%emt 0:03:16]} e5 {[%emt 0:00:04]} 2. g3 {[%emt 0:00:38]} c6 {[%emt 0:00:32]} 3. d4 {[%emt 0:01:31]} e4 {[%emt 0:00:21]} 4. Nc3 {[%emt 0:00:24]} d5 {[%emt 0:01:17]} 5. Nh3 {[%emt 0:01:14]} Bb4 {[%emt 0:12:19]} 6. Qb3 {[%emt 0:00:59]} Na6 {[%emt 0:11:02]} 7. cxd5 {[%emt 0:03:13]} Qxd5 {[%emt 0:06:21]} 8. Qxd5 {[%emt 0:19:56]} cxd5 {[%emt 0:00:39]} 9. Bd2 {[%emt 0:00:17]} Nf6 {[%emt 0:05:06]} 10. f3 {[%emt 0:02:27]} O-O {[%emt 0:03:34]} 11. Nf4 {[%emt 0:01:12]} Bxc3 {[%emt 0:02:13]} 12. bxc3 {[%emt 0:03:59]} Re8 {[%emt 0:03:59]} 13. Kf2 {[%emt 0:00:16]} Nc7 {[%emt 0:01:26]} 14. Rb1 {[%emt 0:03:06]} b6 {[%emt 0:01:26]} 15. Rg1 {[%emt 0:00:17]} Ba6 {[%emt 0:07:18]} 16. g4 {[%emt 0:00:33]} exf3 {[%emt 0:00:18]} 17. exf3 {[%emt 0:00:19]} Bxf1 {[%emt 0:00:20]} 18. Rgxf1 {[%emt 0:00:03]} Nd7 {[%emt 0:02:50]} 19. Rfc1 {[%emt 0:04:31]} b5 {[%emt 0:05:03]} 20. Ng2 {[%emt 0:02:50]} a6 {[%emt 0:01:45]} 21. a4 {[%emt 0:00:13]} Nb6 {[%emt 0:01:58]} 22. Bf4 {[%emt 0:00:11]} Ne6 {[%emt 0:01:05]} 23. axb5 {[%emt 0:02:47]} axb5 {[%emt 0:00:49]} 24. Rb2 {[%emt 0:13:30]} Rec8 {[%emt 0:07:10]} 25. Kg3 {[%emt 0:02:14]} g5 {[%emt 0:02:05]} 26. Be5 {[%emt 0:05:46]} Nc4 {[%emt 0:00:58]} 27. Rxb5 {[%emt 0:02:24]} Nxe5 {[%emt 0:00:16]} 28. dxe5 {[%emt 0:00:01]} d4 {[%emt 0:00:08]} 29. c4 {[%emt 0:00:27]} Ra4 {[%emt 0:00:51]} 30. c5 {[%emt 0:02:45]} Ra3 {[%emt 0:00:23]} 31. h4 {[%emt 0:04:06]} Rc3 {[%emt 0:01:49]} 32. Rd1 {[%emt 0:00:41]} h6 {[%emt 0:01:15]} 33. hxg5 {[%emt 0:00:44]} hxg5 {[%emt 0:00:15]} 34. Ne1 {[%emt 0:02:10]} R3xc5 {[%emt 0:00:35]} 35. Rxc5 {[%emt 0:01:20]} Rxc5 {[%emt 0:00:02]} 36. Nd3 {[%emt 0:00:17]} Rc2 {[%emt 0:00:30]} 37. Ra1 {[%emt 0:03:16]} Kg7 {[%emt 0:01:59]} 38. Rb1 {[%emt 0:01:15]} Rd2 {[%emt 0:00:51]} 39. Rb3 {[%emt 0:01:29]} Re2 {[%emt 0:00:12]} 40. Rb2 {[%emt 0:00:00]} Rxb2 {[%emt 0:00:00]} 41. Nxb2 {[%emt 0:05:31]} Nf4 {[%emt 0:05:18]} 42. Nc4 {[%emt 0:00:43]} Nd3 {[%emt 0:01:23]} 43. Nd6 {[%emt 0:00:16]} Nxe5 {[%emt 0:00:15]} 44. Nf5+ {[%emt 0:00:02]} 1/2-1/2

[Event "17th Aeroflot Open-A 2019"]
[Site "Moscow"]
[Date "2019.02.27"]
[Round "9.30"]
[White "Xu, Yinglun"]
[Black "Sethuraman, S.P."]
[Result "1-0"]
[WhiteElo "2512"]
[BlackElo "2651"]
[Annotator "ChessBase"]
[PlyCount "107"]
[EventDate "2019.02.19"]
[EventCountry "RUS"]
[SourceTitle "playchess.com"]
[Source "ChessBase"]
[SourceQuality "1"]
[TimeControl "40/5400+30:1800+30"]

1. d4 {[%emt 0:00:00]} Nf6 {[%emt 0:00:36]} 2. c4 {[%emt 0:00:00]} e6 {[%emt 0:00:05]} 3. Nf3 {[%emt 0:00:00]} b6 {[%emt 0:00:05]} 4. g3 {[%emt 0:00:38]} Bb7 {[%emt 0:00:07]} 5. Bg2 {[%emt 0:00:09]} Be7 {[%emt 0:00:05]} 6. O-O {[%emt 0:00:35]} O-O {[%emt 0:00:05]} 7. Nc3 {[%emt 0:02:12]} Ne4 {[%emt 0:00:11]} 8. Bd2 {[%emt 0:00:05]} Nxd2 {[%emt 0:00:05]} 9. Qxd2 {[%emt 0:03:16]} d6 {[%emt 0:00:40]} 10. e4 {[%emt 0:00:18]} Nd7 {[%emt 0:00:22]} 11. Rad1 {[%emt 0:00:45]} a6 {[%emt 0:09:53]} 12. Rfe1 {[%emt 0:06:28]} c5 {[%emt 0:05:57]} 13. d5 {[%emt 0:22:43]} e5 {[%emt 0:00:13]} 14. a3 {[%emt 0:00:56]} g6 {[%emt 0:01:17]} 15. Qc2 {[%emt 0:20:03]} Qc7 {[%emt 0:05:56]} 16. Bh3 {[%emt 0:00:56]} Nf6 {[%emt 0:03:54]} 17. Rf1 {[%emt 0:00:45]} Nh5 {[%emt 0:02:05]} 18. Ne1 {[%emt 0:00:05]} Bg5 {[%emt 0:13:08]} 19. Nd3 {[%emt 0:03:34]} Rae8 {[%emt 0:00:07]} 20. Rde1 {[%emt 0:01:35]} Bh6 {[%emt 0:03:18]} 21. Qd1 {[%emt 0:02:06]} Qd8 {[%emt 0:05:43]} 22. Kh1 {[%emt 0:00:53]} Ng7 {[%emt 0:02:07]} 23. f4 {[%emt 0:03:57]} exf4 {[%emt 0:00:52]} 24. gxf4 {[%emt 0:01:03]} f5 {[%emt 0:00:18]} 25. e5 {[%emt 0:01:41]} dxe5 {[%emt 0:03:43]} 26. fxe5 {[%emt 0:01:43]} Qh4 {[%emt 0:00:06]} 27. Bg2 {[%emt 0:00:03]} Nh5 {[%emt 0:02:00]} 28. Qf3 {[%emt 0:08:50]} Qxc4 {[%emt 0:00:26]} 29. e6 {[%emt 0:00:05]} Qd4 {[%emt 0:17:19]} 30. Ne2 {[%emt 0:15:36]} Qg7 {[%emt 0:02:08]} 31. Nc3 {[%emt 0:01:50]} Nf6 {[%emt 0:02:04]} 32. Qe2 {[%emt 0:00:40]} Qe7 {[%emt 0:05:21]} 33. Ne5 {[%emt 0:01:01]} b5 {[%emt 0:00:05]} 34. Nf7 {[%emt 0:01:36]} Rxf7 {[%emt 0:00:58]} 35. exf7+ {[%emt 0:00:02]} Qxf7 {[%emt 0:00:07]} 36. Qf2 {[%emt 0:00:00]} Rxe1 {[%emt 0:04:22]} 37. Rxe1 {[%emt 0:00:05]} Bf8 {[%emt 0:03:43]} 38. Qe2 {[%emt 0:01:57]} b4 {[%emt 0:00:54]} 39. Nd1 {[%emt 0:00:24]} Bxd5 {[%emt 0:01:19]} 40. Qxa6 {[%emt 0:00:00]} Bxg2+ {[%emt 0:00:00]} 41. Kxg2 {[%emt 0:00:40]} Qd5+ {[%emt 0:06:27]} 42. Kg1 {[%emt 0:00:15]} Qd4+ {[%emt 0:00:56]} 43. Kh1 {[%emt 0:04:38]} bxa3 {[%emt 0:05:13]} 44. bxa3 {[%emt 0:04:50]} f4 {[%emt 0:12:53]} 45. Qe6+ {[%emt 0:01:25]} Kg7 {[%emt 0:00:06]} 46. Qe5 {[%emt 0:00:05]} Qd2 {[%emt 0:00:27]} 47. Nc3 {[%emt 0:00:44]} Qd4 {[%emt 0:04:06]} 48. a4 {[%emt 0:05:14]} f3 {[%emt 0:05:17]} 49. Qxd4 {[%emt 0:02:36]} cxd4 {[%emt 0:00:04]} 50. Ne4 {[%emt 0:00:52]} Ng4 {[%emt 0:03:28]} 51. a5 {[%emt 0:03:24]} d3 {[%emt 0:00:25]} 52. a6 {[%emt 0:01:35]} d2 {[%emt 0:00:33]} 53. Rb1 {[%emt 0:01:27]} Ne3 {[%emt 0:03:31]} 54. a7 {[%emt 0:00:40]} 1-0

[Event "17th Aeroflot Open-A 2019"]
[Site "Moscow"]
[Date "2019.02.27"]
[Round "9.31"]
[White "Safarli, Eltaj"]
[Black "Pourramezanali, Amirreza"]
[Result "1/2-1/2"]
[WhiteElo "2681"]
[BlackElo "2529"]
[Annotator "TA"]
[PlyCount "39"]
[EventDate "2019.02.19"]
[EventCountry "RUS"]
[SourceTitle "playchess.com"]
[Source "ChessBase"]
[SourceQuality "1"]

{[%evp 19,39,7,20,-6,0,-13,-11,0,0,-23,-7,-15,-11,-20,7,-27,-20,-37,-23,-49,-21,-31]} 1. e4 e6 2. d4 d5 3. e5 c5 4. c3 Nc6 5. Nf3 Qb6 6. Na3 cxd4 7. cxd4 Bd7 8. Nc2 Nb4 {C02: French: Advance Variation} 9. Ne3 Bb5 10. a3 Nc6 {LiveBook: 3 Games} 11. g3 h5 12. h4 $146 ({Predecessor:} 12. h3 Nge7 13. h4 g6 14. Rb1 Bh6 15. b4 Bxf1 16. Kxf1 Bxe3 17. Bxe3 {½-½ (33) Cornette,M (2570)-Krassowizkij,J (2393) Germany 2014}) 12... Nh6 13. Bxb5 Qxb5 14. Qe2 Qxe2+ 15. Kxe2 Be7 16. b4 O-O 17. Ng2 Nf5 18. Be3 b5 19. Nf4 g6 20. Rhc1 {Precision: White = 19%, Black = 46%.} 1/2-1/2

[Event "17th Aeroflot Open-A 2019"]
[Site "Moscow"]
[Date "2019.02.27"]
[Round "9.33"]
[White "Esipenko, Andrey"]
[Black "Gagare, Shardul"]
[Result "1-0"]
[WhiteElo "2603"]
[BlackElo "2495"]
[Annotator "ChessBase"]
[PlyCount "83"]
[EventDate "2019.02.19"]
[EventCountry "RUS"]
[SourceTitle "playchess.com"]
[Source "ChessBase"]
[SourceQuality "1"]
[TimeControl "40/5400+30:1800+30"]

1. e4 {[%emt 0:00:00]} e5 {[%emt 0:02:01]} 2. Nf3 {[%emt 0:00:00]} Nc6 {[%emt 0:00:05]} 3. Bb5 {[%emt 0:00:02]} a6 {[%emt 0:00:10]} 4. Ba4 {[%emt 0:00:11]} Nf6 {[%emt 0:00:10]} 5. O-O {[%emt 0:00:11]} Be7 {[%emt 0:00:19]} 6. Re1 {[%emt 0:00:13]} b5 {[%emt 0:00:18]} 7. Bb3 {[%emt 0:00:06]} d6 {[%emt 0:00:12]} 8. a4 {[%emt 0:00:09]} Bg4 {[%emt 0:04:11]} 9. c3 {[%emt 0:00:19]} O-O 10. h3 {[%emt 0:00:20]} Bh5 {[%emt 0:01:31]} 11. d3 {[%emt 0:04:56]} Na5 {[%emt 0:00:25]} 12. Bc2 {[%emt 0:02:07]} b4 {[%emt 0:00:40]} 13. Nbd2 {[%emt 0:03:36]} Nd7 {[%emt 0:00:17]} 14. g4 {[%emt 0:03:17]} Bg6 {[%emt 0:00:13]} 15. Nf1 {[%emt 0:00:56]} Rb8 16. Ng3 {[%emt 0:01:58]} bxc3 {[%emt 0:32:51]} 17. bxc3 Nc5 {[%emt 0:00:41]} 18. Be3 {[%emt 0:07:19]} Ne6 19. Nf5 {[%emt 0:13:57]} c5 {[%emt 0:15:49]} 20. Kg2 {[%emt 0:01:44]} Re8 {[%emt 0:02:53]} 21. Rb1 {[%emt 0:07:43]} Qc7 {[%emt 0:09:10]} 22. h4 {[%emt 0:10:49]} f6 23. d4 {[%emt 0:20:15]} cxd4 {[%emt 0:06:08]} 24. cxd4 {[%emt 0:00:04]} Bf8 {[%emt 0:07:46]} 25. h5 {[%emt 0:02:35]} Bf7 {[%emt 0:00:42]} 26. d5 {[%emt 0:00:10]} Nc5 {[%emt 0:05:50]} 27. Qe2 {[%emt 0:00:25]} Rxb1 {[%emt 0:02:25]} 28. Rxb1 {[%emt 0:00:06]} Nab7 {[%emt 0:00:59]} 29. Ng3 h6 30. Nh4 {[%emt 0:09:30]} Rc8 {[%emt 0:04:23]} 31. Ng6 {[%emt 0:00:09]} Be8 32. Nf5 {[%emt 0:00:57]} Ra8 {[%emt 0:01:03]} 33. Qf3 {[%emt 0:04:11]} Nxa4 {[%emt 0:04:18]} 34. Nxf8 {[%emt 0:04:57]} Kxf8 {[%emt 0:00:06]} 35. g5 {[%emt 0:01:21]} hxg5 {[%emt 0:00:50]} 36. h6 {[%emt 0:00:22]} gxh6 {[%emt 0:00:59]} 37. Nxh6 {[%emt 0:00:16]} Qg7 {[%emt 0:00:31]} 38. Nf5 {[%emt 0:00:24]} g4 {[%emt 0:00:32]} 39. Qg3 {[%emt 0:00:24]} Qh7 {[%emt 0:00:29]} 40. Bh6+ {[%emt 0:00:00]} Kg8 {[%emt 0:00:00]} 41. Qxg4+ {[%emt 0:00:34]} Bg6 {[%emt 0:01:59]} 42. Rxb7 {[%emt 0:00:12]} 1-0